<?xml version="1.0" encoding="UTF-8"?>
<record
    xmlns:xsi="http://www.w3.org/2001/XMLSchema-instance"
    xsi:schemaLocation="http://www.loc.gov/MARC21/slim http://www.loc.gov/standards/marcxml/schema/MARC21slim.xsd"
    xmlns="http://www.loc.gov/MARC21/slim">

  <leader>03343ncm0a2200445   4500</leader>
  <controlfield tag="001">RU\NLR\ONIZ\297876</controlfield>
  <controlfield tag="005">20260406164137.0</controlfield>
  <datafield tag="035" ind1=" " ind2=" ">
    <subfield code="a">(NLR Aleph) 016370757</subfield>
  </datafield>
  <datafield tag="071" ind1="2" ind2="0">
    <subfield code="a">238</subfield>
  </datafield>
  <datafield tag="090" ind1=" " ind2=" ">
    <subfield code="a">13181352</subfield>
    <subfield code="c">13181352</subfield>
  </datafield>
  <datafield tag="100" ind1=" " ind2=" ">
    <subfield code="a">20230411d1864    |||y0rusy50      ca</subfield>
  </datafield>
  <datafield tag="101" ind1="0" ind2=" ">
    <subfield code="a">rus</subfield>
  </datafield>
  <datafield tag="102" ind1=" " ind2=" ">
    <subfield code="a">RU</subfield>
  </datafield>
  <datafield tag="125" ind1=" " ind2=" ">
    <subfield code="a">a|</subfield>
  </datafield>
  <datafield tag="128" ind1=" " ind2=" ">
    <subfield code="a">cfr</subfield>
    <subfield code="a">cc </subfield>
  </datafield>
  <datafield tag="145" ind1="0" ind2=" ">
    <subfield code="a">u</subfield>
  </datafield>
  <datafield tag="200" ind1="1" ind2=" ">
    <subfield code="a">29 &#x43F;&#x440;&#x438;&#x447;&#x430;&#x441;&#x442;&#x43D;&#x44B;&#x445; &#x441;&#x442;&#x438;&#x445;&#x43E;&#x432;, &#x443;&#x43F;&#x43E;&#x442;&#x440;&#x435;&#x431;&#x43B;&#x44F;&#x435;&#x43C;&#x44B;&#x445; &#x43F;&#x440;&#x438; &#x43B;&#x438;&#x442;&#x443;&#x440;&#x433;&#x438;&#x438; &#x43D;&#x430; &#x43A;&#x440;&#x443;&#x433;&#x43B;&#x44B;&#x439; &#x433;&#x43E;&#x434; &#x441; &#x43F;&#x43E;&#x43A;&#x430;&#x437;&#x430;&#x43D;&#x438;&#x435;&#x43C; &#x432; &#x43A;&#x430;&#x43A;&#x43E;&#x439; &#x434;&#x435;&#x43D;&#x44C; &#x434;&#x43E;&#x43B;&#x436;&#x435;&#x43D; &#x431;&#x44B;&#x442;&#x44C; &#x43F;&#x435;&#x442;</subfield>
    <subfield code="b">&#x41D;&#x43E;&#x442;&#x44B;</subfield>
    <subfield code="e">[&#x434;&#x43B;&#x44F; &#x441;&#x43C;&#x435;&#x448;&#x430;&#x43D;&#x43D;&#x43E;&#x433;&#x43E; &#x445;&#x43E;&#x440;&#x430; &#x441; &#x440;&#x435;&#x43F;&#x435;&#x442;&#x438;&#x446;&#x438;&#x43E;&#x43D;&#x43D;&#x43E;&#x439; &#x43F;&#x430;&#x440;&#x442;&#x438;&#x435;&#x439; &#x444;&#x43E;&#x440;&#x442;&#x435;&#x43F;&#x438;&#x430;&#x43D;&#x43E;]</subfield>
    <subfield code="f">&#x43C;&#x443;&#x437;&#x44B;&#x43A;&#x430; &#x441;&#x43E;&#x447;&#x438;&#x43D;&#x435;&#x43D;&#x438;&#x44F; &#x41D;. &#x411;&#x430;&#x445;&#x43C;&#x435;&#x442;&#x435;&#x432;&#x430;. &#x414;&#x438;&#x440;&#x435;&#x43A;&#x442;&#x43E;&#x440;&#x430; &#x41F;&#x440;&#x438;&#x434;&#x432;&#x43E;&#x440;&#x43D;&#x43E;&#x439; &#x43F;&#x435;&#x432;&#x447;&#x435;&#x441;&#x43A;&#x43E;&#x439; &#x43A;&#x430;&#x43F;&#x435;&#x43B;&#x43B;&#x44B;</subfield>
  </datafield>
  <datafield tag="203" ind1=" " ind2=" ">
    <subfield code="a">&#x41C;&#x443;&#x437;&#x44B;&#x43A;&#x430;</subfield>
    <subfield code="b">&#x437;&#x43D;&#x430;&#x43A;&#x43E;&#x432;&#x430;&#x44F;</subfield>
    <subfield code="b">&#x432;&#x438;&#x437;&#x443;&#x430;&#x43B;&#x44C;&#x43D;&#x430;&#x44F;</subfield>
    <subfield code="c">&#x43D;&#x435;&#x43F;&#x43E;&#x441;&#x440;&#x435;&#x434;&#x441;&#x442;&#x432;&#x435;&#x43D;&#x43D;&#x430;&#x44F;</subfield>
  </datafield>
  <datafield tag="208" ind1=" " ind2=" ">
    <subfield code="a">[&#x41F;&#x430;&#x440;&#x442;&#x438;&#x442;&#x443;&#x440;&#x430;]</subfield>
  </datafield>
  <datafield tag="210" ind1=" " ind2=" ">
    <subfield code="a">[&#x421;&#x430;&#x43D;&#x43A;&#x442;-&#x41F;&#x435;&#x442;&#x435;&#x440;&#x431;&#x443;&#x440;&#x433;]</subfield>
    <subfield code="c">&#x433;&#x440;&#x430;&#x432;&#x438;&#x440;&#x43E;&#x432;&#x430;&#x43D;&#x43E; &#x438; &#x43F;&#x435;&#x447;&#x430;&#x442;&#x430;&#x43D;&#x43E; &#x432; &#x41B;&#x438;&#x442;&#x43E;&#x433;&#x440;&#x430;&#x444;&#x438;&#x438; &#x424;. &#x421;&#x442;&#x435;&#x43B;&#x43B;&#x43E;&#x432;&#x441;&#x43A;&#x430;&#x433;&#x43E;</subfield>
    <subfield code="d">[1864]</subfield>
  </datafield>
  <datafield tag="215" ind1=" " ind2=" ">
    <subfield code="a">[4], 3, 81 c.</subfield>
    <subfield code="d">31 &#x441;&#x43C;</subfield>
  </datafield>
  <datafield tag="300" ind1=" " ind2=" ">
    <subfield code="a">&#x41F;&#x440;&#x435;&#x434;&#x438;&#x441;&#x43B;. &#x430;&#x432;&#x442;.: &#x441;. [3].</subfield>
  </datafield>
  <datafield tag="300" ind1=" " ind2=" ">
    <subfield code="a">&#x41E;&#x433;&#x43B;&#x430;&#x432;&#x43B;&#x435;&#x43D;&#x438;&#x435;: &#x441;. 1-3.</subfield>
  </datafield>
  <datafield tag="313" ind1=" " ind2=" ">
    <subfield code="a">&#x421;&#x438;&#x441;&#x442;&#x435;&#x43C;&#x430;&#x442;&#x438;&#x437;&#x430;&#x446;&#x438;&#x44F; &#x434;&#x43E;&#x43A;&#x443;&#x43C;&#x435;&#x43D;&#x442;&#x430; &#x43F;&#x440;&#x43E;&#x432;&#x435;&#x434;&#x435;&#x43D;&#x430; &#x43F;&#x43E; &#x438;&#x437;&#x434;&#x430;&#x43D;&#x438;&#x44E; - &#x41C;&#x435;&#x442;&#x43E;&#x434;&#x438;&#x43A;&#x430; &#x43A;&#x43B;&#x430;&#x441;&#x441;&#x438;&#x444;&#x438;&#x446;&#x438;&#x440;&#x43E;&#x432;&#x430;&#x43D;&#x438;&#x44F; &#x43C;&#x443;&#x437;&#x44B;&#x43A;&#x430;&#x43B;&#x44C;&#x43D;&#x44B;&#x445; &#x43F;&#x440;&#x43E;&#x438;&#x437;&#x432;&#x435;&#x434;&#x435;&#x43D;&#x438;&#x439; (&#x43D;&#x43E;&#x442;&#x43D;&#x44B;&#x445; &#x438;&#x437;&#x434;&#x430;&#x43D;&#x438;&#x439;) &#x43F;&#x43E; &#x442;&#x430;&#x431;&#x43B;&#x438;&#x446;&#x430;&#x43C; &#x411;&#x438;&#x431;&#x43B;&#x438;&#x43E;&#x442;&#x435;&#x447;&#x43D;&#x43E;-&#x431;&#x438;&#x431;&#x43B;&#x438;&#x43E;&#x433;&#x440;&#x430;&#x444;&#x438;&#x447;&#x435;&#x441;&#x43A;&#x438;&#x445; &#x43A;&#x43B;&#x430;&#x441;&#x441;&#x438;&#x444;&#x438;&#x43A;&#x430;&#x446;&#x438;&#x439; : &#x43C;&#x435;&#x442;&#x43E;&#x434;. &#x440;&#x435;&#x43A;&#x43E;&#x43C;&#x435;&#x43D;&#x434;&#x430;&#x446;&#x438;&#x438; / &#x413;&#x43E;&#x441;. &#x431;-&#x43A;&#x430; &#x421;&#x421;&#x421;&#x420; &#x438;&#x43C;. &#x412;.&#x418;. &#x41B;&#x435;&#x43D;&#x438;&#x43D;&#x430;.- &#x41C;., 1977. &#x418;&#x43D;&#x434;&#x435;&#x43A;&#x441;&#x443; &#x411;&#x411;&#x41A; &#x43C;&#x435;&#x442;&#x43E;&#x434;&#x438;&#x447;&#x435;&#x441;&#x43A;&#x438;&#x445; &#x440;&#x435;&#x43A;&#x43E;&#x43C;&#x435;&#x43D;&#x434;&#x430;&#x446;&#x438;&#x439; &#x43F;&#x440;&#x438;&#x441;&#x432;&#x430;&#x438;&#x432;&#x430;&#x435;&#x442;&#x441;&#x44F; &#x43A;&#x43E;&#x434; &#x411;&#x411;&#x41A; &#x434;&#x43B;&#x44F; &#x43D;&#x430;&#x443;&#x447;&#x43D;&#x44B;&#x445; &#x431;&#x438;&#x431;&#x43B;&#x438;&#x43E;&#x442;&#x435;&#x43A; - LBC/SL</subfield>
  </datafield>
  <datafield tag="316" ind1=" " ind2=" ">
    <subfield code="6">b03899</subfield>
    <subfield code="5">NLR</subfield>
    <subfield code="a">&#x422;&#x432;&#x435;&#x440;&#x434;&#x44B;&#x439; &#x446;&#x435;&#x43B;&#x44C;&#x43D;&#x44B;&#x439; &#x43F;&#x435;&#x440;&#x435;&#x43F;&#x43B;&#x435;&#x442; &#x441; &#x442;&#x438;&#x441;&#x43D;&#x435;&#x43D;&#x438;&#x435;&#x43C; &#x43D;&#x430; &#x43A;&#x440;&#x44B;&#x448;&#x43A;&#x430;&#x445;, &#x43F;&#x43E;&#x43A;&#x440;&#x44B;&#x432;&#x43D;&#x43E;&#x439; &#x43C;&#x430;&#x442;&#x435;&#x440;&#x438;&#x430;&#x43B; - &#x43A;&#x43E;&#x436;&#x430;. &#x414;&#x443;&#x431;&#x43B;&#x44E;&#x440;&#x44B; &#x441; &#x437;&#x43E;&#x43B;&#x43E;&#x442;&#x44B;&#x43C; &#x442;&#x438;&#x441;&#x43D;&#x435;&#x43D;&#x438;&#x435;&#x43C;, &#x444;&#x43E;&#x440;&#x437;&#x430;&#x446; &#x438; &#x43D;&#x430;&#x445;&#x437;&#x430;&#x446; - &#x43C;&#x443;&#x430;&#x440;&#x43E;&#x432;&#x44B;&#x439; &#x448;&#x435;&#x43B;&#x43A;. &#x41E;&#x431;&#x440;&#x435;&#x437; &#x43F;&#x43E;&#x437;&#x43E;&#x43B;&#x43E;&#x447;&#x435;&#x43D;&#x43D;&#x44B;&#x439;.</subfield>
  </datafield>
  <datafield tag="317" ind1=" " ind2=" ">
    <subfield code="6">b03899</subfield>
    <subfield code="5">NLR</subfield>
    <subfield code="a">&#x41D;&#x430; &#x432;&#x435;&#x440;&#x445;&#x43D;&#x435;&#x439; &#x43A;&#x440;&#x44B;&#x448;&#x43A;&#x435; &#x43F;&#x435;&#x440;&#x435;&#x43F;&#x43B;&#x435;&#x442;&#x430; &#x437;&#x43E;&#x43B;&#x43E;&#x442;&#x44B;&#x43C; &#x442;&#x438;&#x441;&#x43D;&#x435;&#x43D;&#x438;&#x435;&#x43C;: &#x415;&#x433;&#x43E; &#x438;&#x43C;&#x43F;&#x435;&#x440;&#x430;&#x442;&#x43E;&#x440;&#x441;&#x43A;&#x43E;&#x43C;&#x443; &#x432;&#x435;&#x43B;&#x438;&#x447;&#x435;&#x441;&#x442;&#x432;&#x443; &#x433;&#x43E;&#x441;&#x443;&#x434;&#x430;&#x440;&#x44E; &#x438;&#x43C;&#x43F;&#x435;&#x440;&#x430;&#x442;&#x43E;&#x440;&#x443; &#x410;&#x43B;&#x435;&#x43A;&#x441;&#x430;&#x43D;&#x434;&#x440;&#x443; &#x41D;&#x438;&#x43A;&#x43E;&#x43B;&#x430;&#x435;&#x432;&#x438;&#x447;&#x443; 29 &#x43F;&#x440;&#x438;&#x447;&#x430;&#x441;&#x442;&#x43D;&#x44B;&#x445; &#x441;&#x442;&#x438;&#x445;&#x43E;&#x432; &#x43D;&#x430; &#x43A;&#x440;&#x443;&#x433;&#x43B;&#x44B;&#x439; &#x433;&#x43E;&#x434; &#x43E;&#x442; &#x432;&#x435;&#x440;&#x43D;&#x43E;&#x43F;&#x43E;&#x434;&#x434;&#x430;&#x43D;&#x43D;&#x430;&#x433;&#x43E; &#x41D;. &#x411;&#x430;&#x445;&#x43C;&#x435;&#x442;&#x435;&#x432;&#x430;</subfield>
  </datafield>
  <datafield tag="606" ind1="1" ind2=" ">
    <subfield code="a">&#x426;&#x435;&#x440;&#x43A;&#x43E;&#x432;&#x43D;&#x430;&#x44F; &#x43C;&#x443;&#x437;&#x44B;&#x43A;&#x430; &#x440;&#x443;&#x441;&#x441;&#x43A;&#x430;&#x44F;</subfield>
    <subfield code="z">19 &#x432;.</subfield>
    <subfield code="j">&#x41D;&#x43E;&#x442;&#x44B;</subfield>
    <subfield code="2">nlr_sh</subfield>
  </datafield>
  <datafield tag="606" ind1="1" ind2=" ">
    <subfield code="a">&#x41B;&#x438;&#x442;&#x443;&#x440;&#x433;&#x438;&#x447;&#x435;&#x441;&#x43A;&#x438;&#x435; &#x43F;&#x435;&#x441;&#x43D;&#x43E;&#x43F;&#x435;&#x43D;&#x438;&#x44F; &#x43F;&#x440;&#x430;&#x432;&#x43E;&#x441;&#x43B;&#x430;&#x432;&#x43D;&#x44B;&#x435;</subfield>
    <subfield code="y">&#x420;&#x43E;&#x441;&#x441;&#x438;&#x44F;</subfield>
    <subfield code="z">19 &#x432;.</subfield>
    <subfield code="j">&#x41D;&#x43E;&#x442;&#x44B;</subfield>
    <subfield code="2">nlr_sh</subfield>
  </datafield>
  <datafield tag="686" ind1="0" ind2=" ">
    <subfield code="a">&#x429;99(28)</subfield>
  </datafield>
  <datafield tag="700" ind1=" " ind2="1">
    <subfield code="9">z05790</subfield>
    <subfield code="a">&#x411;&#x430;&#x445;&#x43C;&#x435;&#x442;&#x435;&#x432;</subfield>
    <subfield code="b">&#x41D;. &#x418;.</subfield>
    <subfield code="f">1807-1891</subfield>
    <subfield code="g">&#x41D;&#x438;&#x43A;&#x43E;&#x43B;&#x430;&#x439; &#x418;&#x432;&#x430;&#x43D;&#x43E;&#x432;&#x438;&#x447;</subfield>
    <subfield code="4">230</subfield>
    <subfield code="7">ca</subfield>
  </datafield>
  <datafield tag="703" ind1=" " ind2="0">
    <subfield code="4">390</subfield>
    <subfield code="8">rus</subfield>
    <subfield code="7">ca</subfield>
    <subfield code="a">&#x410;&#x43B;&#x435;&#x43A;&#x441;&#x430;&#x43D;&#x434;&#x440;</subfield>
    <subfield code="c">&#x438;&#x43C;&#x43F;&#x435;&#x440;&#x430;&#x442;&#x43E;&#x440; &#x440;&#x43E;&#x441;&#x441;&#x438;&#x439;&#x441;&#x43A;&#x438;&#x439;</subfield>
    <subfield code="d">II</subfield>
    <subfield code="f">1818-1881</subfield>
    <subfield code="3">RU\NLR\AUTH\7710521</subfield>
    <subfield code="9">120289</subfield>
  </datafield>
  <datafield tag="790" ind1=" " ind2="1">
    <subfield code="9">z05700</subfield>
    <subfield code="a">Bachmetev</subfield>
    <subfield code="b">N. I.</subfield>
    <subfield code="f">1807-1891</subfield>
    <subfield code="g">Nikolaj Ivanovi&#x10D;</subfield>
    <subfield code="4">230</subfield>
    <subfield code="7">ba</subfield>
  </datafield>
  <datafield tag="801" ind1=" " ind2="0">
    <subfield code="a">RU</subfield>
    <subfield code="b">NLR</subfield>
    <subfield code="c">20230411</subfield>
    <subfield code="g">PSBO</subfield>
  </datafield>
  <datafield tag="801" ind1=" " ind2="1">
    <subfield code="a">RU</subfield>
    <subfield code="b">NLR</subfield>
    <subfield code="c">20230411</subfield>
    <subfield code="2">rusmarc</subfield>
  </datafield>
  <datafield tag="801" ind1=" " ind2="2">
    <subfield code="a">RU</subfield>
    <subfield code="b">NLR</subfield>
    <subfield code="c">20230515</subfield>
  </datafield>
  <datafield tag="852" ind1=" " ind2=" ">
    <subfield code="6">b03316</subfield>
    <subfield code="6">b03317</subfield>
    <subfield code="a">NLR</subfield>
    <subfield code="b">&#x41C;</subfield>
    <subfield code="j">8.1.132</subfield>
    <subfield code="p">217468</subfield>
    <subfield code="t">1</subfield>
  </datafield>
  <datafield tag="942" ind1=" " ind2=" ">
    <subfield code="c">SCORE</subfield>
  </datafield>
  <datafield tag="980" ind1=" " ind2=" ">
    <subfield code="a">NB</subfield>
  </datafield>
  <datafield tag="980" ind1=" " ind2=" ">
    <subfield code="a">ONIZ</subfield>
  </datafield>
  <datafield tag="995" ind1=" " ind2=" ">
    <subfield code="5">2023-04-11</subfield>
    <subfield code="b">NLR01</subfield>
    <subfield code="c">NLR01</subfield>
    <subfield code="e">ONIZ</subfield>
    <subfield code="k">8.1.132 8.1.132</subfield>
    <subfield code="o">0</subfield>
    <subfield code="r">SCORE</subfield>
    <subfield code="s">81132_81132</subfield>
  </datafield>
</record>
